NBA 16-17 Starters - Statistics

General Stats
  • This quiz has been taken 2,164 times
    455 since last reset
  • The average score is 56 of 149
Answer Stats
Team Answer % Correct
SF LeBron James
81%
SG Klay Thompson
80%
Warriors PG Stephen Curry
80%
SG Danny Green
78%
Cavs PG Kyrie Irving
78%
SF Kevin Durant
77%
SG Dwyane Wade
76%
Clippers PG Chris Paul
75%
SG James Harden
75%
Thunder PG Russell Westbrook
74%
C Al Horford
70%
PF Kevin Love
70%
C Marc Gasol
70%
C Pau Gasol
70%
PF Blake Griffin
69%
PF Anthony Davis
68%
C DeAndre Jordan
68%
SF Jimmy Butler
68%
SG JR Smith
68%
C Karl-Anthony Towns
68%
SF Paul George
68%
C Brook Lopez
66%
Lakers PG D'Angelo Russell
66%
Portland PG Damian Lillard
65%
PF Dirk Nowitzki
65%
Wizards PG John Wall
65%
Hornets PG Kemba Walker
65%
Raptors PG Kyle Lowry
65%
C Robin Lopez
65%
SG Bradley Beal
64%
Pacers PG Jeff Teague
64%
Grizzlies PG Mike Conley
64%
PF Paul Millsap
64%
SG DeMar DeRozan
63%
SF Kawhi Leonard
62%
C DeMarcus Cousins
60%
SG CJ McCollum
59%
SF Carmelo Anthony
58%
C Dwight Howard
58%
C Clint Capela
57%
C Steven Adams
57%
Spurs PG Tony Parker
57%
SF Andrew Wiggins
56%
PF Jabari Parker
56%
C Rudy Gobert
56%
Mavs PG Deron Williams
55%
PF Marvin Williams
55%
SG Khris Middleton
54%
Knicks PG Derrick Rose
53%
C Andre Drummond
52%
C Hassan Whiteside
52%
Heat PG Goran Dragic
51%
SG Kyle Korver
51%
PF Amir Johnson
50%
PF Julius Randle
50%
PF LaMarcus Aldridge
50%
Pistons PG Reggie Jackson
50%
Bulls PG Rajon Rondo
49%
PF Serge Ibaka
49%
PF Thaddeus Young
48%
SG Victor Oladipo
48%
SF Gordon Hayward
47%
C Nikola Vucevic
47%
SF Harrison Barnes
46%
C Jonas Valanciunas
46%
SG Tony Allen
46%
PF Zach Randolph
46%
Suns PG Eric Bledsoe
45%
SG Gary Harris
45%
PF Tobias Harris
45%
SF Evan Turner
43%
PF Kristaps Porzingis
42%
C Zaza Pachulia
42%
SG Avery Bradley
39%
C Marcin Gortat
38%
SF P.J. Tucker
38%
SG Zach LaVine
38%
Jazz PG George Hill
37%
C Joakim Noah
37%
SF Marcus Morris
35%
C Andrew Bogut
34%
SF Jae Crowder
34%
SF Otto Porter
34%
Rockets PG Patrick Beverley
34%
SF Trevor Ariza
34%
C Tyson Chandler
34%
SG Nicolas Batum
33%
SG Evan Fournier
31%
PF Derrick Favors
29%
SG Jordan Clarkson
27%
SF Rudy Gay
27%
Nets PG Jeremy Lin
26%
C Timofey Mozgov
26%
SF DeMarre Carroll
25%
SF Danilo Gallinari
24%
SG Kentavious Caldwell-Pope
24%
SF Bojan Bogdanovic
23%
PF Enes Kanter
23%
SF Luol Deng
23%
C Mason Plumlee
23%
SG Buddy Hield
22%
PF Kenneth Faried
22%
SF Tyreke Evans
22%
SF Kent Bazemore
21%
PF Joel Embiid
20%
SG Monta Ellis
20%
SF Michael Kidd-Gilchrist
18%
SG Wesley Matthews
17%
Kings PG Darren Collison
16%
Magic PG Elfrid Payton
16%
C Greg Monroe
15%
SF Chandler Parsons
14%
PF Draymond Green
13%
SG Rodney Hood
13%
Nuggets PG Emmanuel Mudiay
12%
C Omer Asik
8%
SF Andre Roberson
7%
SF Giannis Antetokounmpo
7%
PF Jared Dudley
7%
Celtics PG Isaiah Thomas
6%
Pelicans PG Jrue Holiday
6%
C Tristan Thompson
6%
Hawks PG Dennis Schroder
5%
SG Devin Booker
5%
C Nikola Jokic
4%
T'Wolves PG Ricky Rubio
4%
SF Aaron Gordon
3%
C Cody Zeller
3%
SG Gerald Henderson
3%
PF Jared Sullinger
3%
C Myles Turner
3%
76ers PG Jerryd Bayless
2%
SG J.J. Reddick
2%
SF Robert Covington
2%
PF Ryan Anderson
2%
PF Taj Gibson
2%
PF Al-Farouq Aminu
1%
PF Gorgui Dieng
1%
SG Josh Richardson
1%
SF Justise Winslow
1%
SF Luc Mbah a Moute
1%
SG Rondae Hollis-Jefferson
1%
PF Trevor Booker
1%
PF Willie Cauley-Stein
1%
SG Aaron Afflalo
0%
SG Courney Lee
0%
PF Josh McRoberts
0%
PF Markieff Moris
0%
Bucks PG Matthew Dellavedova
0%
No matching quizzes found
Score Distribution
Percent of People with Each Score
Percentile by Number Answered
Your Score History
You have not taken this quiz since the last reset